|
|
|
|
| LEADER |
03130nam a2200457 i 4500 |
| 001 |
45440 |
| 003 |
BD-DhAAL |
| 005 |
20260329214815.0 |
| 008 |
260329t2021 ii a b 001 0 eng |
| 010 |
|
|
|a 2020335937
|
| 020 |
|
|
|a 9789354352492
|
| 020 |
|
|
|z 9789354350047
|
| 025 |
|
|
|a I-E-2020335937; 56-91; 63-91
|
| 035 |
|
|
|a 22357259
|
| 037 |
|
|
|b Library of Congress -- New Delhi Overseas Office
|
| 040 |
|
|
|a DLC
|b eng
|e rda
|c DLC
|d DLC
|d BD-DhAAL
|
| 042 |
|
|
|a lcode
|a pcc
|
| 043 |
|
|
|a a-ii---
|
| 050 |
0 |
0 |
|a DS463
|b .S14818 2021
|
| 082 |
|
|
|a 954.035
|2 23
|
| 100 |
1 |
|
|a Sai Deepak, J.,
|e author.
|9 60375
|
| 245 |
1 |
0 |
|a India that is Bharat :
|b coloniality, civilisation, constitution /
|c J. Sai Deepak.
|
| 260 |
|
|
|a New Delhi :
|b Bloomsbury,
|c 2021.
|
| 300 |
|
|
|a xxiv, 460 pages :
|b illustrations ;
|c 24 cm.
|
| 490 |
0 |
|
|a The Bharat trilogy ;
|v Book 1
|
| 500 |
|
|
|a "India, that Is Bharat, the first book of a comprehensive Bharat trilogy, explores the influence of European "colonial consciousness" (or "coloniality"), particularly its religious and racial roots, on Bharat as the successor state to the Indic civilisation and the origins of the Indian Constitution. It lays the foundation for its sequels by covering the period between the age of discovery, marked by Christopher Columbus' expedition in 1492, and the reshaping of Bharat through a British-made constitution-the Government of India Act of 1919. This includes international developments leading to the founding of the League of Nations by Western powers that tangibly impacted this journey."--Front jacket folded flap.
|
| 504 |
|
|
|a Includes bibliographical references and index.
|
| 505 |
0 |
|
|a Foreword /
|r by Dr. Gautam Sen -- Acknowledgements -- Introduction --
|g Section I.
|t Coloniality --
|g Section II.
|t Civilisation --
|g Section III.
|t Constitution -- Notes -- Index -- About the author.
|
| 526 |
|
|
|a RS (GenEd)
|x Tahseen H. Ali, PhD
Assistant Professor and Assistant Dean, RS
School of General Education
Course Name : Emergence of Bangladesh ''(EMB 101)''
|
| 530 |
|
|
|a Also available as an e-book.
|
| 541 |
|
|
|a Book Finder International
|e 45440, 45441
|
| 650 |
|
0 |
|a Constitutional history
|z India.
|
| 651 |
|
0 |
|a India
|x History
|y British occupation, 1765-1947.
|
| 651 |
|
0 |
|a India
|x History
|y 1000-1765.
|
| 655 |
|
7 |
|a History.
|
| 830 |
|
|
|a The Bharat trilogy ;
|9 60376
|
| 852 |
|
|
|a Ayesha Abed Library
|c General Stacks
|
| 942 |
|
|
|2 ddc
|c BK
|
| 999 |
|
|
|c 47714
|d 47714
|
| 952 |
|
|
|0 0
|1 0
|2 ddc
|4 0
|6 954_035000000000000_SAI
|7 0
|9 78844
|a SCL
|b SCL
|c GEN
|d 2026-03-05
|e Book Finder International
|g 1059.00
|l 0
|o 954.035 SAI
|p 3020045441
|r 2026-03-05
|t 2
|v 2118.00
|w 2026-03-05
|y BK
|x Requisitioned by Dr. Tahseen H. Ali, Assistant Dean of the School of General Education, for the course titled- 'Emergence of Bangladesh (EMB-101)'.
|
| 952 |
|
|
|0 0
|1 0
|2 ddc
|4 0
|6 954_035000000000000_SAI
|7 0
|9 78845
|a SCL
|b SCL
|c GEN
|d 2026-03-05
|e Book Finder International
|g 1059.00
|l 0
|o 954.035 SAI
|p 3020045440
|r 2026-03-05
|t 1
|v 2118.00
|w 2026-03-05
|y BK
|x Requisitioned by Dr. Tahseen H. Ali, Assistant Dean of the School of General Education, for the course titled- 'Emergence of Bangladesh (EMB-101)'.
|